Zrušenie a zánik spoločnosti s ručením obmedzeným a zánik účasti jej spoločníka
Zrušenie a zánik spoločnosti s ručením obmedzeným podľa Obchodného zákonníka, paragrafy 68, 151 a 152. Dôvody zrušenia spoločnosti s ručením obmedzeným. Dobrovoľné zrušenie a zrušenie na základe súdneho rozhodnutia. Spôsoby zániku spoločnosti s ručením obmedzeným. Zánik účasti spoločníka v spoločnos...
Gespeichert in:
| 1. Verfasser: | |
|---|---|
| Format: | Buchkapitel |
| Sprache: | Slowakisch |
| Schlagworte: | |
| Tags: |
Keine Tags, Fügen Sie das erste Tag hinzu!
|
MARC
| LEADER | 00000naa a2200000 4500 | ||
|---|---|---|---|
| 001 | r035490 | ||
| 005 | 20230911130421.4 | ||
| 041 | 0 | |a slo | |
| 044 | |a SK | ||
| 245 | 1 | 0 | |a Zrušenie a zánik spoločnosti s ručením obmedzeným a zánik účasti jej spoločníka |c Imrich Fekete |
| 520 | |a Zrušenie a zánik spoločnosti s ručením obmedzeným podľa Obchodného zákonníka, paragrafy 68, 151 a 152. Dôvody zrušenia spoločnosti s ručením obmedzeným. Dobrovoľné zrušenie a zrušenie na základe súdneho rozhodnutia. Spôsoby zániku spoločnosti s ručením obmedzeným. Zánik účasti spoločníka v spoločnosti s ručením obmedzeným. Majetkové práva spoločníka po zániku účasti na spoločnosti. | ||
| 610 | 2 | 0 | |a spoločnosti s r.o. |
| 610 | 2 | 0 | |a spoločníci |
| 610 | 2 | 0 | |a zákonník obchodný |
| 610 | 2 | 0 | |a likvidácia majetku |
| 610 | 2 | 0 | |a imanie základné |
| 610 | 2 | 0 | |a osoby právnické |
| 610 | 2 | 0 | |a podiely obchodné |
| 610 | 2 | 0 | |a prevod majetku |
| 610 | 2 | 0 | |a zákony |
| 610 | 2 | 0 | |a Slovensko |
| 100 | 1 | |a Fekete, Imrich | |